Detalles MARC
| 000 -CABECERA |
| campo de control de longitud fija |
02122nam a22002414a 4500 |
| 003 - IDENTIFICADOR DEL NÚMERO DE CONTROL |
| campo de control |
AR-RoIUNI |
| 005 - FECHA Y HORA DE LA ÚLTIMA TRANSACCIÓN |
| campo de control |
20160425124553.0 |
| 007 - CAMPO FIJO DE DESCRIPCIÓN FÍSICA--INFORMACIÓN GENERAL |
| campo de control de longitud fija |
ta |
| 008 - DATOS DE LONGITUD FIJA--INFORMACIÓN GENERAL |
| campo de control de longitud fija |
150616s2009 ag r 000 0 spa d |
| 020 ## - NÚMERO INTERNACIONAL ESTÁNDAR DEL LIBRO |
| Número Internacional Estándar del Libro |
9874395168 |
| 040 ## - FUENTE DE LA CATALOGACIÓN |
| Centro/agencia transcriptor |
|
| 080 ## - NÚMERO DE LA CLASIFICACIÓN DECIMAL UNIVERSAL |
| Número de la Clasificación Decimal Universal |
159 |
| 245 00 - MENCIÓN DE TÍTULO |
| Título |
Lenguaje : |
| Resto del título |
una perspectiva interdisciplinaria. |
| Nombre de parte o sección de la obra |
Escritos |
| Número de parte o sección de la obra |
Nº 1 / |
| Mención de responsabilidad, etc. |
compilación [de] Brígida Graciela Lara. |
| 260 ## - PUBLICACIÓN, DISTRIBUCIÓN, ETC. (PIE DE IMPRENTA) |
| Lugar de publicación, distribución, etc. |
Rosario : |
| Nombre del editor, distribuidor, etc. |
Facultad de psicología, |
| Fecha de publicación, distribución, etc. |
2009. |
| 300 ## - DESCRIPCIÓN FÍSICA |
| Extensión |
159 p. ; |
| Dimensiones |
21 cm |
| 504 ## - NOTA DE BIBLIOGRAFÍA, ETC. |
| Bibliografía, etc. |
|
| 505 ## - NOTA DE CONTENIDO CON FORMATO |
| Título |
Una visión posible de la interacción terapéutica / |
| Mención de responsabilidad |
Brígida Graciela Lara -- |
| Título |
La importancia del vínculo madre-hijo en el inicio de la constitución subjetiva / |
| Mención de responsabilidad |
Yorlano Laura -- |
| Título |
Lenguaje y estructuración subjetiva / |
| Mención de responsabilidad |
Cristina Ronchese -- |
| Título |
Diferentes aproximaciones teóricas al estudio del papel de la interacción social en la mente en desarrollo / |
| Mención de responsabilidad |
Analía M. Salsa -- |
| Título |
Las funciones cognitivas y su importancia y su importancia en la adquisición del lenguaje / |
| Mención de responsabilidad |
Lily Alexandra Petrini -- |
| Título |
Consideraciones acerca de los términos representación y simbolización en psicología / |
| Mención de responsabilidad |
Gloria Bereciartúa -- |
| Título |
Interacción niño-adulto como precursora de desarrollo : lugar de la psicoterapia / |
| Mención de responsabilidad |
Daniela Agüero -- |
| Título |
Estudios lingüísticos y entrevista terapéutica / |
| Mención de responsabilidad |
Norma B. Desinano -- |
| Título |
Consideraciones generales acerca del desarrollo lingüístico en la hipoacusia / |
| Mención de responsabilidad |
Marcela Cleri -- |
| Título |
Una aproximación a la problemática del retraso mental / |
| Mención de responsabilidad |
Laura Gerez, Natacha Lago -- |
| Título |
Lenguaje y psicosis / |
| Mención de responsabilidad |
María Chidichimo -- |
| Título |
Centro Comunitario Asistencial - CECOAS- primera experiencia piloto en Rosario / |
| Mención de responsabilidad |
María del Carmen Gurgone, María Ignacia Laucírica -- |
| Título |
Relato de una experiencia: Centro Comunitario Asistencial (CECOAS) / |
| Mención de responsabilidad |
Valeria Bearzotti -- |
| Título |
Algunas consideraciones sobre la consulta fonoaudiológica / |
| Mención de responsabilidad |
Analía B. García -- |
| Título |
Entrevista, el primer paso (partiendo de la teoría.. partiendo de la experiencia) / |
| Mención de responsabilidad |
María Inés Altavista. |
| 650 #4 - PUNTO DE ACCESO ADICIONAL DE MATERIA--TÉRMINO DE MATERIA |
| Término de materia o nombre geográfico como elemento inicial |
PSICOLOGÍA |
| 650 #4 - PUNTO DE ACCESO ADICIONAL DE MATERIA--TÉRMINO DE MATERIA |
| Término de materia o nombre geográfico como elemento inicial |
LINGÜÍSTICA |
| 650 #4 - PUNTO DE ACCESO ADICIONAL DE MATERIA--TÉRMINO DE MATERIA |
| Término de materia o nombre geográfico como elemento inicial |
LENGUAJE |
| 650 #4 - PUNTO DE ACCESO ADICIONAL DE MATERIA--TÉRMINO DE MATERIA |
| Término de materia o nombre geográfico como elemento inicial |
DESARROLLO COGNITIVO |
| 942 ## - ELEMENTOS DE PUNTO DE ACCESO ADICIONAL (KOHA) |
| Tipo de ítem Koha |
Libros |
| Fuente del sistema de clasificación o colocación |
Clasificación Decimal Universal |